000 00674nam a2200253Ia 4500
003 OSt
005 20221007064306.0
006 a|||||r|||| 00| 0
007 ta
008 221006b |||||||| |||| 00| 0 eng d
024 _a490
037 _cReference Collections
040 _aFLL
_cFLL
_beng
041 _2eng
_aeng
082 _aV2:91:9Z, M5
100 _aDial Rameshwar
_9685588
245 0 _aElection law
250 _a4th
260 _aDelhi
_bAnand Law House India
_c1989
300 _a574p,222 34p
_ccm.
650 _aElection Law
_9685589
942 _hV2:91:9Z, M5
_cREF
_2CC
999 _c1133610
_d1133610